| 000 | 00000nam##2200000za#4500 |
| 001 | 9.691934 |
| 003 | CaOODSP |
| 005 | 20210624233005 |
| 007 | cr ||||||||||| |
| 008 | 150407|2006||||xxc|||||o f|0| 0 eng|d |
| 020 | |a978-1-100-11975-5 |
| 040 | |aCaOODSP|beng |
| 043 | |an-cn--- |
| 086 | 1 |aCS92-568/2006-1E-PDF |
| 245 | 00|a2006 Census technical report - sampling and weighting : |h[electronic resource]|bcensus year 2006 |
| 260 | |aOttawa - Ontario : |bStatistics Canada |cAugust 2009. |
| 300 | |a88p. |
| 590 | |a11-13-Supp|b2011-08-04 |
| 690 | 07|aCensus|2gcpds |
| 690 | 07|aCensus data|2gcpds |
| 710 | 2 |aStatistics Canada. |
| 775 | 08|tRapport technique du Recensement de 2006 - échantillonnage et pondération : |w(CaOODSP)9.636229 |
| 856 | 40|ahttp://publications.gc.ca|qPDF|s1001 KB|uhttps://publications.gc.ca/collections/collection_2011/statcan/92-568-X/92-568-X2006001-eng.pdf |
| 986 | |a92-568-XIE2006001 |